000 00576nam a2200181Ia 4500
008 090123s9999 xx 000 0 und d
082 _b1420
_a891.462/कालेल
100 _aकालेलकर मधुसूदन
245 _aअबोल झालीस का ?
250 _a1
260 _c1968
300 _a115
600 _aकालेलकर मधुसूदन
630 _aअबोल झालीस का ?
700 _aकालेलकर मधुसूदन
730 _aअबोल झालीस का ?
942 _cBOOK
999 _c39502
_d39502